Villes françaises sur la route de Compostelle sur une carte - Statistiques

Statistiques générales
  • Ce quiz a été pris 5 530 fois
  • Le résultat moyen est 15 sur 29
Réponses sur la Carte
Les réponses sont colorées sur une échelle allant du rouge au vert en fonction du pourcentage des utilisateurs qui les ont devinées à leur premier essai. Vous pouvez retrouver ces pourcentages ci-dessous.
 
Statistiques - réponses
Population Ville % Correct
Via Turonensis 2 175 601 Paris
98%
Via Turonensis 257 068 Bordeaux
94%
Via Tolosana 486 828 Toulouse
91%
Via Tolosana 290 053 Montpellier
81%
Via Turonensis 116 238 Orléans
80%
Via Turonensis 136 463 Tours
77%
Via Tolosana 76 275 Pau
74%
Via Lemovicensis 131 479 Limoges
68%
Via Turonensis 88 665 Poitiers
68%
Via Turonensis 38 426 Chartres
57%
Via Lemovicensis 64 668 Bourges
54%
Via Turonensis 45 871 Blois
52%
Via Lemovicensis 29 683 Mont-de-Marsan
50%
Via Lemovicensis 43 442 Châteauroux
48%
Via Lemovicensis 30 060 Périgueux
48%
Via Turonensis 20 762 Dax
45%
Via Tolosana 51 031 Arles
44%
Via Podiensis 19 061 Le Puy-en-Velay
44%
Via Lemovicensis 33 279 Nevers
44%
Via Tolosana 22 200 Auch
43%
Via Podiensis 19 907 Cahors
39%
Via Turonensis 25 148 Saintes
39%
Via Tolosana 41 795 Castres
31%
Via Lemovicensis 26 823 Bergerac
28%
Via Turonensis 26 933 Rambouillet
24%
Via Turonensis 40 721 Châtellerault
21%
Via Turonensis 25 287 Etampes
20%
Via Turonensis 16 133 Vendôme
18%
Via Tolosana 26 273 Lunel
14%
Aucun quiz correspondant
Distribution des résultats
% des personnes avec chaque résultat
Percentile par nombre de réponses
Votre historique - résultats
Vous n’avez pas pris ce quiz